| 000 | 01020 a2200217 4500 | ||
|---|---|---|---|
| 003 | Nust | ||
| 005 | 20170207152317.0 | ||
| 010 | _a 95047947 | ||
| 020 | _a1566079632 | ||
| 040 | _cNust | ||
| 082 | 0 | 0 | _a004.6 |
| 245 | 0 | 4 | _aThe complete guide to high-speed networking and communications. |
| 246 | 3 | 0 | _aGuide to high-speed networking and communications |
| 250 | _a1st ed. | ||
| 260 |
_aCharleston, S.C., U.S.A. : _bComputer Technology Research Corp., _c1996. |
||
| 300 |
_avii, 266 p. : _bill. ; _c28 cm. |
||
| 505 | _aExecutive Summary Page 1, An Overview of high-speed networking and comm page 11, Asynchronous Transfer Page 19, ATM Networks Page 61, Other Types high speed Networking Page 75.Emerging LAN/WAN Technologies Page 105, Enterprise Network Design Issues Page 117, Network with TCP/IP Page 153, Running a TCP/IP Network Page 179, Wireless Networking Page 195, Telecommunications Page 207. | ||
| 538 | _aAlmirah No.20 Shelf No.4 | ||
| 650 | 0 | _aComputer networks. | |
| 710 | 2 | _aComputer Technology Research Corp. | |
| 942 | _cREF | ||
| 999 |
_c174782 _d174782 |
||